书目信息 |
| 题名: |
双稳健政策
|
|
| 作者: | 陈东琪 著 | |
| 分册: | ||
| 出版信息: | 北京 人民出版社 2005 |
|
| 页数: | 255页 | |
| 开本: | 21cm | |
| 丛书名: | ||
| 单 册: | ||
| 中图分类: | F812.0 | |
| 科图分类: | ||
| 主题词: | 货币政策--中国 , 财政政策--中国 | |
| 电子资源: | ||
| ISBN: | 7-01-004796-0 | |
| 000 | 01212nam0 2200325 450 | |
| 000 | 01175nam0 2200313 450 | |
| 000 | 01200nam0 2200337 450 | |
| 000 | 01146nam0 2200313 450 | |
| 000 | 01164nam0 2200301 450 | |
| 000 | 01127nam0 2200289 45 | |
| 001 | TS2006026372 | |
| 005 | 20070117104149.28 | |
| 010 | @a7-01-004796-0@dCNY20.00 | |
| 100 | @a20060829d2005 em y0chiy0110 ea | |
| 101 | 0 | @achi |
| 102 | @aCN@b110000 | |
| 105 | @ay z 000yy | |
| 200 | 1 | @a双稳健政策@AShuang Wen Jian Zheng Ce@e中国避免大萧条之路@EZhong Guo Bi Mian Da Xiao Tiao Zhi Lu@f陈东琪等著@FChen Dong Qi Deng Zhu |
| 210 | @a北京@c人民出版社@d2005 | |
| 215 | @a255页@d21cm | |
| 330 | @a全书共分十章,探讨了稳健的财政政策和稳健的货币政策的问题。包括为什么要实施双稳健政策?稳健的财政政策操作、稳健的货币政策操作等内容。 | |
| 517 | 1 | @a中国避免大萧条之路@AZhong Guo Bi Mian Da Xiao Tiao Zhi Lu |
| 606 | 0 | @a货币政策@y中国 |
| 606 | 0 | @a财政政策@y中国 |
| 690 | @aF812.0@v4 | |
| 701 | 0 | @a陈东琪@AChen Dong Qi@f(1956~)@4著 |
| 801 | 0 | @aCN@b中图数据@c20070117 |
| 905 | @a10447@dF812.0@e35 | |
| 双稳健政策:中国避免大萧条之路/陈东琪等著.-北京:人民出版社,2005 |
| 255页;21cm |
| ISBN 7-01-004796-0:CNY20.00 |
| 全书共分十章,探讨了稳健的财政政策和稳健的货币政策的问题。包括为什么要实施双稳健政策?稳健的财政政策操作、稳健的货币政策操作等内容。 |
| ● |
| 相关链接 |
|
|
|
|
正题名:双稳健政策
索取号:F812.0/35
 
预约/预借
| 序号 | 登录号 | 条形码 | 馆藏地/架位号 | 状态 | 备注 |
| 1 | 0619675 | 206196757 | 第一样本阅览室/ [索取号:F812.0/35] | 在馆 | |
| 2 | 0619676 | 206196766 | 第一借阅区/ [索取号:F812.0/35] | 在馆 | |
| 3 | 0619677 | 206196775 | 第一借阅区/ [索取号:F812.0/35] | 在馆 | |
| 4 | 0619678 | 206196784 | 第一借阅区/ [索取号:F812.0/35] | 在馆 | |
| 5 | 0619679 | 206196793 | 第一借阅区/ [索取号:F812.0/35] | 在馆 |